| 000 | 00431nam a2200181Ia 4500 | ||
|---|---|---|---|
| 003 | OSt | ||
| 005 | 20240315144847.0 | ||
| 008 | 210210b1910 xxu||||| |||| 00| 0 eng d | ||
| 040 | _cAL | ||
| 041 | _aeng | ||
| 082 | _a824/17 | ||
| 100 |
_aBOAS (F S) _9154691 |
||
| 245 | _aShakespeare and his predecessors | ||
| 260 |
_aLondon _bJohn Murray _c1910 |
||
| 690 |
_aEnglish Criticism _9154696 |
||
| 906 | _a013971 | ||
| 942 |
_2ddc _cBK |
||
| 999 |
_c133044 _d133044 |
||